00422nam a2200181Ia 4500008004100000020001800041050001400059100002100073245002400094245002100118260001500139260001600154260000900170300001600179300002700195300001000222500000800232170918s9999 xx 000 0 und d a9780590319904 bM476 1997 aMazer, Norma Fox aWhen she was good / cNorma Fox Mazer. aNew York : bScholastic, c1997 a228 pages : bcolored illustration ; c17cm. a650